000 00546nam a2200205Ia 4500
008 170918s9999 xx 000 0 und d
020 _a9780439746250
050 _bS229 2003
100 _aSan Souci, Robert D.
245 _aDare to be scared :
245 _bthirteen stories to chill and thrill /
245 _cRobert D. San Souci ; illustrated by David Ouimet.
260 _aNew York :
260 _bScholastic,
260 _c2003
300 _a159 pages :
300 _bcolored illustration ;
300 _c19cm.
500 _a850
999 _c342101
_d342101